Statistics for *Ridiculous Riddles #03*

Click here to take the quiz!

General Stats

  • This quiz has been taken 2,109 times
  • The average score is 4 of 10

Answer Stats

#RiddleAnswer% Correct
02.What comes once in a minute, twice in a moment, but never in a thousand years?The letter "m"
96%
06.What belongs to you but others use it more than you do?Your name
60%
08.I am the beginning of sorrow, and the end of sickness. You cannot express happiness without me, yet I am in the midst of crosses. I am always in risk, yet never in danger. You may find me in the sun, but I am never out of darkness.The letter "s"
56%
05.Brothers and sisters have I none but that man's father is my father's son. Who is "that man" ?My son
48%
03.The more you take, the more you leave behind. What are they?Footsteps
33%
01.You can keep this even after you give it away. What is it?Promise / Your word
23%
07.What fastens (binds) two people together yet touches only one?A wedding ring
21%
04.He who has it doesn't tell it. He who takes it doesn't know it. He who knows it doesn't want it. What is it?Counterfeit money
20%
10It stands on one leg with its heart in its head.A cabbage
2%
09.What is round as a dishpan, deep as a tub, and still the oceans couldn't fill it up?A sieve
1%

Score Distribution

Percentile by Number Answered

Percent of People with Each Score

Your Score History

You have not taken this quiz